[Event "CAN-ch op"]
[Site "Sackville"]
[Date "2001.07.15"]
[Round "10"]
[White "Maund, Chris"]
[Black "Piggott, Scott"]
[Result "0-1"]
[WhiteElo "1290"]
[BlackElo "1469"]
[PlyCount "52"]
[EventDate "2001.07.??"]
[EventType "swiss"]
[EventRounds "10"]
[EventCountry "CAN"]
[SourceTitle "EXT 2006"]
[Source "ChessBase"]
[SourceDate "2005.11.24"]
[SourceVersion "1"]
[SourceVersionDate "2005.11.24"]
[SourceQuality "1"]

1. e4 e5 2. Nf3 Nc6 3. Bc4 Nf6 4. d4 exd4 5. 0-0 Nxe4 6. Re1 d5 7. Bxd5 Qxd5 8. Nc3 Qd8 9. Nxe4 Be7 10. Bg5 f6 11. Bh4 Qd5 12. Bxf6 Bf5 13. Nc3 Qf7 14. Bxe7 Nxe7 15. Qe2 dxc3 16. Qb5+ Bd7 17. Qxb7 0-0 18. b3 Nd5 19. Qa6 Nb4 20. Qc4 Qxc4 21. bxc4 Nxc2 22. Rac1 Nxe1 23. Nxe1 Rfe8 24. Kf1 Re4 25. Rxc3 Rae8 26. Rc2 Rxe1# 0-1